000 00778nam a2200229 4500
010 _aA-702243
020 _a8170185475(Set)
035 _aA-702243
037 _bCen Lib / Ret
040 _aDPL
_bEN
082 _a954.0841
_bLIM
100 _aLimaye, Madhu
245 _aMahatma Gandhi and Jawaharlal Nehru :
_ba historical partnership, 1916-1948 /
_cby Madhu Limaye
260 _aDelhi
_bB. R. Publishing Corporation
_c1989
270 _aOffice 29/9 Nangia Park, Shakti Nagar
_bNew Delhi
300 _a(v 1. 265)
_b24cm(hb)
505 _av 1. 1916-1931 ;
650 _aIndia -- Politics and government -- 1919-1947.
650 _aGandhi, -- Mahatma, -- 1869-1948.
650 _aNehru, Jawaharlal, -- 1889-1964.
942 _2ddc
_cEN
_h954.0841
_mLIM
999 _c136661
_d136661